Loading...
| Literature - American | 0 | 9 | 1 | 0 | 85 | 43 | 94.22 | 1 | 5 | 27.96 | 51.21 |
| Literature - World | 0 | 8 | 0 | 1 | 80 | 74 | 101.63 | 1 | 5 | 19.77 | 43.33 |
| Literature - European | 0 | 8 | 1 | 1 | 75 | 48 | 94.50 | 3 | 7 | 23.96 | 48.79 |
| Science - Biology | 0 | 7 | 0 | 1 | 70 | 60 | 83.00 | 1 | 6 | 17.78 | 32.73 |
| Science - Chemistry | 0 | 7 | 1 | 0 | 65 | 50 | 72.43 | 2 | 7 | 23.69 | 45.76 |
| Literature - British | 0 | 6 | 0 | 1 | 60 | 42 | 73.00 | 3 | 4 | 26.72 | 42.42 |
| Science - Physics | 0 | 5 | 0 | 2 | 50 | 70 | 93.40 | 0 | 2 | 10.59 | 21.52 |
| Fine Arts - Other | 0 | 5 | 0 | 2 | 50 | 109 | 122.80 | 1 | 2 | 3.74 | 21.21 |
| Fine Arts - Classical Music | 0 | 3 | 0 | 2 | 30 | 103 | 111.67 | 0 | 0 | 1.19 | 9.09 |
| Fine Arts - Painting and Sculpture | 0 | 3 | 0 | 1 | 30 | 80 | 112.67 | 1 | 3 | 3.76 | 22.42 |
| Philosophy | 0 | 3 | 0 | 0 | 30 | 85 | 91.33 | 0 | 3 | 6.14 | 16.67 |
| Religion | 0 | 2 | 0 | 1 | 20 | 119 | 119.50 | 0 | 1 | 0.70 | 9.09 |
| History - Other | 0 | 2 | 0 | 1 | 20 | 86 | 104.00 | 0 | 1 | 2.63 | 6.06 |
| Science - Other | 0 | 2 | 2 | 0 | 10 | 49 | 50.50 | 1 | 2 | 10.59 | 15.15 |
| Geography | 0 | 1 | 0 | 0 | 10 | 115 | 115.00 | 0 | 1 | 5.43 | 25.00 |
| Social Science | 0 | 1 | 0 | 0 | 10 | 102 | 102.00 | 0 | 0 | 1.43 | 1.52 |